000 00436ntaaa2200181 4500
003 01
005 20251027201845.0
008 0714s1973 ag 01
040 _aAR-BaBN
_bspa
_cAR-BaBN
_eaacr
_dRIC
082 _a248.1000 G22b
100 _aGattinoni, Carlos T
_91422
245 _aBreviario del dador alegre
250 _a1 ed.
260 _aBuenos Aires :
_bAurora,
_c1976
300 _a104 p
650 _amayordomía
942 _cBK
999 _c13226
_d13226